Normal view MARC view
  • Srushti Navalekar - 2k171143; Prof. Ganesh Lotke - Guide & Bosch Nashik Plant

Entry Personal Name

Number of records used in: 1

001 - CONTROL NUMBER

  • control field: 105090

003 - CONTROL NUMBER IDENTIFIER

  • control field: OSt

005 - DATE AND TIME OF LATEST TRANSACTION

  • control field: 20221007221540.0

008 - FIXED-LENGTH DATA ELEMENTS

  • fixed length control field: 221007|| aca||aabn | a|a d

040 ## - CATALOGING SOURCE

  • Original cataloging agency: OSt
  • Transcribing agency: OSt

100 ## - HEADING--PERSONAL NAME

  • Personal name: Srushti Navalekar - 2k171143; Prof. Ganesh Lotke - Guide & Bosch Nashik Plant

670 ## - SOURCE DATA FOUND

  • Source citation: Work cat.: (OSt)79990: Srushti Navalekar - 2k171143; Prof. Ganesh Lotke - Guide & Bosch Nashik Plant, An Optimization Of Material Flow Using Transport Kanban System, 2018